[Event "Moscow Chess are Living op"]
[Site "Moscow"]
[Date "2009.08.07"]
[Round "9"]
[White "Tkachuk, Andrey"]
[Black "Dubrovin, Anatoly"]
[Result "1-0"]
[WhiteElo "2148"]
[BlackElo "1932"]
[PlyCount "83"]
[EventDate "2009.07.10"]
[EventType "swiss"]
[EventRounds "9"]
[EventCountry "RUS"]
[SourceTitle "EXT 2022"]
[Source "ChessBase"]
[SourceDate "2021.10.06"]
[SourceVersion "1"]
[SourceVersionDate "2021.10.06"]
[SourceQuality "1"]

1. e4 e5 2. Nf3 Nc6 3. Bb5 a6 4. Ba4 Nf6 5. 0-0 b5 6. Bb3 Be7 7. c3 d6 8. Re1 Na5 9. Bc2 c5 10. a4 Bb7 11. Qe2 Bc6 12. d4 Qb8 13. d5 Bd7 14. Na3 bxa4 15. Nc4 Bb5 16. Bxa4 Bxa4 17. Rxa4 Nb3 18. Bg5 0-0 19. Bxf6 Bxf6 20. Nfd2 Be7 21. Nxb3 Qxb3 22. Rea1 Qb5 23. g3 Ra7 24. Qg4 Rfa8 25. h4 Bf8 26. h5 h6 27. f4 exf4 28. gxf4 Rd8 29. R1a2 Re8 30. e5 Rd8 31. e6 fxe6 32. dxe6 Be7 33. Ne3 Kh8 34. Nf5 Bf6 35. e7 Rxe7 36. Nxe7 Bxe7 37. Rxa6 Re8 38. Ra8 Bf8 39. Rxe8 Qxe8 40. Qf3 Qe1+ 41. Kg2 Be7 42. Ra7 1-0

[Event "Kostroma Volga Cup op"]
[Site "Kostroma"]
[Date "2009.07.??"]
[Round "1"]
[White "Tkachuk, Andrey"]
[Black "Kukhmazov, Arsen"]
[Result "1/2-1/2"]
[WhiteElo "2148"]
[BlackElo "1899"]
[PlyCount "100"]
[EventDate "2009.07.03"]
[EventType "swiss"]
[EventRounds "9"]
[EventCountry "RUS"]
[SourceTitle "EXT 2021"]
[Source "ChessBase"]
[SourceDate "2020.10.23"]
[SourceVersion "1"]
[SourceVersionDate "2020.10.23"]
[SourceQuality "1"]

1. e4 e6 2. d4 b6 3. Bd3 Bb7 4. Nf3 c5 5. c3 d5 6. e5 c4 7. Bc2 Nc6 8. 0-0 Be7 9. Ne1 h5 10. Qf3 Qd7 11. Qg3 g6 12. Bg5 0-0-0 13. Nf3 Kb8 14. Qf4 Rf8 15. Ba4 Bxg5 16. Qxg5 Qe7 17. Nbd2 Qxg5 18. Nxg5 a6 19. Bxc6 Bxc6 20. b3 b5 21. a4 cxb3 22. Nxb3 bxa4 23. Nc5 Bb5 24. Rfb1 Ka7 25. Nxa4 Nh6 26. Nc5 Rb8 27. Ra3 Rb6 28. f3 Bc4 29. Rxb6 Kxb6 30. Nh3 Ra8 31. Nf2 Nf5 32. Nd1 Kc6 33. g4 Ne7 34. Ne3 Bb5 35. Kf2 hxg4 36. fxg4 g5 37. Kg3 Ng6 38. Ng2 Kb6 39. h4 gxh4+ 40. Nxh4 Rg8 41. Ra2 Nxh4 42. Kxh4 Rg6 43. Rf2 Be8 44. Rb2+ Bb5 45. Kh5 a5 46. g5 Rg8 47. Kh6 Rg6+ 48. Kh5 Rg8 49. Rf2 Be8 50. Rb2+ Bb5 1/2-1/2

[Event "Lipetsk King's Gambit op 3rd"]
[Site "Lipetsk"]
[Date "2009.06.29"]
[Round "7"]
[White "Geranichev, Mikhail"]
[Black "Tkachuk, Andrey"]
[Result "0-1"]
[WhiteElo "1974"]
[BlackElo "2125"]
[PlyCount "68"]
[EventDate "2009.06.23"]
[EventType "swiss"]
[EventRounds "9"]
[EventCountry "RUS"]
[SourceTitle "EXT 2022"]
[Source "ChessBase"]
[SourceDate "2021.10.06"]
[SourceVersion "1"]
[SourceVersionDate "2021.10.06"]
[SourceQuality "1"]

1. e4 c5 2. Nf3 d6 3. d4 cxd4 4. Nxd4 Nf6 5. Nc3 e6 6. Bc4 Nc6 7. Be3 Be7 8. Qe2 0-0 9. 0-0-0 a6 10. Rhg1 Qc7 11. Bb3 b5 12. g4 Nd7 13. g5 Nc5 14. Qh5 g6 15. Qh6 Nxd4 16. Rxd4 Rd8 17. e5 Bf8 18. Qh3 d5 19. Rh4 h5 20. gxh6 Kh7 21. Rf4 b4 22. Ne2 Nd3+ 23. Kb1 Nxf4 24. Bxf4 a5 25. c4 dxc4 26. Bc2 Bb7 27. Qg4 Rd3 28. Be3 Qxe5 29. b3 Qf5 30. Qxc4 Ba6 31. Qh4 Rc8 32. Rc1 Rxc2 33. Rxc2 Rd1+ 34. Kb2 Bxe2 0-1

[Event "Nezhmetdinov Memorial 31st"]
[Site "Kazan"]
[Date "2009.06.01"]
[Round "2"]
[White "Tkachuk, Andrey"]
[Black "Afanasiev, Dmitry"]
[Result "1/2-1/2"]
[WhiteElo "2125"]
[BlackElo "1880"]
[PlyCount "83"]
[EventDate "2009.05.31"]
[EventType "swiss"]
[EventRounds "9"]
[EventCountry "RUS"]
[SourceTitle "CBM 130 Extra"]
[Source "ChessBase"]
[SourceDate "2009.07.02"]
[SourceVersion "2"]
[SourceVersionDate "2009.07.15"]
[SourceQuality "1"]

1. e4 c5 2. Nf3 e6 3. c3 d5 4. exd5 exd5 5. d4 Nf6 6. Bg5 Be7 7. Bxf6 Bxf6 8. dxc5 0-0 9. Be2 a5 10. 0-0 Na6 11. Nd4 Nxc5 12. Bf3 Ne6 13. Nxe6 Bxe6 14. Qd3 d4 15. Rd1 dxc3 16. Nxc3 Qxd3 17. Rxd3 Rad8 18. Rad1 Rxd3 19. Rxd3 b5 20. b3 b4 21. Ne4 Be7 22. Kf1 Rc8 23. Ke2 a4 24. Kd1 a3 25. Nd2 Bf6 26. Bd5 Bf5 27. Be4 Bxe4 28. Nxe4 Bb2 29. Nc5 g6 30. Rd5 Re8 31. Nd3 Bc3 32. Rb5 Rd8 33. Kc2 Rd4 34. f3 Kg7 35. Rb6 f5 36. Rb7+ Kf6 37. Rc7 Rd8 38. Rc4 Rb8 39. Kd1 Kg5 40. f4+ Kh6 41. Ke2 Re8+ 42. Kf3 1/2-1/2

[Event "Central FO-ch"]
[Site "Gagarin"]
[Date "2009.05.05"]
[Round "7"]
[White "Mamoshin, Valery"]
[Black "Tkachuk, Andrey"]
[Result "1-0"]
[WhiteElo "2286"]
[BlackElo "2125"]
[PlyCount "67"]
[EventDate "2009.05.01"]
[EventType "swiss"]
[EventRounds "9"]
[EventCountry "RUS"]
[SourceTitle "CBM 130 Extra"]
[Source "ChessBase"]
[SourceDate "2009.07.02"]
[SourceVersion "2"]
[SourceVersionDate "2009.07.15"]
[SourceQuality "1"]

1. e4 c6 2. d4 Na6 3. Nc3 Nc7 4. Bd3 d6 5. Nf3 g6 6. Be3 Bg7 7. Qd2 Nf6 8. Bh6 0-0 9. h3 Nd7 10. h4 e5 11. h5 Qe7 12. Bxg7 Kxg7 13. hxg6 fxg6 14. Qh6+ Kg8 15. 0-0-0 Qg7 16. Bc4+ Kh8 17. Ng5 Nf6 18. dxe5 dxe5 19. f3 Nh5 20. Rxh5 gxh5 21. Qxh5 Qg6 22. Rh1 Qxh5 23. Rxh5 Kg7 24. Rxh7+ Kg6 25. Rxc7 Kxg5 26. Ne2 Rf6 27. Re7 b5 28. Rxe5+ Kh6 29. Bd3 a5 30. Kd2 Ba6 31. Ke3 Rc8 32. Re7 Rcf8 33. e5 R6f7 34. Re6+ 1-0

[Event "Zvenigorod Autumn op-B"]
[Site "Zvenigorod"]
[Date "2008.09.29"]
[Round "8"]
[White "Trifonov, Pavel"]
[Black "Tkachuk, Andrey"]
[Result "1-0"]
[WhiteElo "2213"]
[BlackElo "2119"]
[PlyCount "41"]
[EventDate "2008.09.25"]
[EventType "swiss"]
[EventRounds "9"]
[EventCountry "RUS"]
[SourceTitle "EXT 2022"]
[Source "ChessBase"]
[SourceDate "2021.10.06"]
[SourceVersion "1"]
[SourceVersionDate "2021.10.06"]
[SourceQuality "1"]

1. d4 Nf6 2. c4 g6 3. Nc3 d5 4. Nf3 Bg7 5. cxd5 Nxd5 6. e4 Nxc3 7. bxc3 c5 8. Bb5+ Bd7 9. Be2 Nc6 10. Be3 Qa5 11. 0-0 Rd8 12. Qb3 Bc8 13. Rac1 0-0 14. dxc5 Qc7 15. Nd4 Nxd4 16. cxd4 Bxd4 17. Bh6 Bg7 18. Bxg7 Kxg7 19. Qa3 Be6 20. Bf3 Rd2 21. Qc3+ 1-0

[Event "Zvenigorod Autumn op-B"]
[Site "Zvenigorod"]
[Date "2008.09.27"]
[Round "5"]
[White "Tkachuk, Andrey"]
[Black "Pak, Alexander"]
[Result "1-0"]
[WhiteElo "2119"]
[BlackElo "1855"]
[PlyCount "43"]
[EventDate "2008.09.25"]
[EventType "swiss"]
[EventRounds "9"]
[EventCountry "RUS"]
[SourceTitle "EXT 2022"]
[Source "ChessBase"]
[SourceDate "2021.10.06"]
[SourceVersion "1"]
[SourceVersionDate "2021.10.06"]
[SourceQuality "1"]

1. e4 e6 2. d4 d5 3. Nc3 Nf6 4. Bg5 Be7 5. exd5 exd5 6. Nf3 0-0 7. Be2 Nbd7 8. 0-0 b6 9. Re1 Bb7 10. Bd3 c5 11. Bf5 Re8 12. Ne5 c4 13. Qf3 Nf8 14. Nxc4 dxc4 15. Qxb7 h6 16. Be3 N8d7 17. Nd5 Nxd5 18. Bxd7 Nxe3 19. Bxe8 Nxc2 20. Rxe7 Nxa1 21. Bxf7+ Kh7 22. Qe4+ 1-0

[Event "Zvenigorod Autumn op-B"]
[Site "Zvenigorod"]
[Date "2008.09.26"]
[Round "3"]
[White "Tkachuk, Andrey"]
[Black "Tarasova, Viktoriya"]
[Result "1/2-1/2"]
[WhiteElo "2119"]
[BlackElo "2290"]
[PlyCount "158"]
[EventDate "2008.09.25"]
[EventType "swiss"]
[EventRounds "9"]
[EventCountry "RUS"]
[SourceTitle "EXT 2022"]
[Source "ChessBase"]
[SourceDate "2021.10.06"]
[SourceVersion "1"]
[SourceVersionDate "2021.10.06"]
[SourceQuality "1"]

1. e4 e5 2. Nf3 Nc6 3. Bb5 a6 4. Ba4 Nf6 5. 0-0 Be7 6. c3 b5 7. Bc2 d6 8. h3 Bb7 9. Re1 Nb8 10. a4 Nbd7 11. Qe2 bxa4 12. d3 0-0 13. Bxa4 Re8 14. Nbd2 c6 15. Nc4 Bf8 16. Bc2 a5 17. Ne3 d5 18. Nf5 Ba6 19. Qd1 Qc7 20. Nh2 Rad8 21. Qf3 h6 22. Ng4 Nxg4 23. Qxg4 Kh7 24. Qh4 Bb5 25. exd5 cxd5 26. d4 e4 27. f3 Bd3 28. Bxd3 exd3 29. Rd1 Qc4 30. Ne3 Qb5 31. Qf2 Nf6 32. Qd2 Kg8 33. Qxd3 Qb6 34. Nf5 Ra8 35. Qc2 Qb5 36. Qa4 Qe2 37. Ng3 Qe6 38. Bf4 Qb6 39. Qc2 g5 40. Bd2 Rab8 41. Rab1 Qc7 42. Nf5 Qd7 43. h4 Nh7 44. hxg5 hxg5 45. Ne3 Rb6 46. Qf5 Qxf5 47. Nxf5 Reb8 48. Bc1 a4 49. Ra1 Ra8 50. Re1 Rb3 51. Ne3 Nf6 52. Nd1 g4 53. Bg5 Nh7 54. Bh4 gxf3 55. gxf3 a3 56. bxa3 Raxa3 57. Rxa3 Bxa3 58. Kf2 Nf8 59. Rg1+ Ng6 60. Bf6 Bb2 61. Nxb2 Rxb2+ 62. Ke3 Rc2 63. Kd3 Rf2 64. Rg3 Kf8 65. Ke3 Rc2 66. Kd3 Rf2 67. c4 dxc4+ 68. Kxc4 Ke8 69. Be5 Nxe5+ 70. dxe5 Ke7 71. Kd4 Ke6 72. Rh3 Rd2+ 73. Ke3 Ra2 74. Rh5 Ra3+ 75. Kf4 Ra4+ 76. Kg3 f6 77. f4 fxe5 78. Rxe5+ Kf6 79. Rb5 Ra1 1/2-1/2

[Event "Kiev Independence Cup-A 8th"]
[Site "Kiev"]
[Date "2008.08.18"]
[Round "6"]
[White "Marusenko, Petr"]
[Black "Tkachuk, Andrey"]
[Result "1-0"]
[WhiteElo "2327"]
[BlackElo "2119"]
[PlyCount "121"]
[EventDate "2008.08.13"]
[EventType "swiss"]
[EventRounds "11"]
[EventCountry "UKR"]
[SourceTitle "CBM 126 Extra"]
[Source "ChessBase"]
[SourceDate "2008.11.05"]
[SourceVersion "1"]
[SourceVersionDate "2008.11.05"]
[SourceQuality "1"]

1. e4 c5 2. Nf3 Nc6 3. Bb5 d6 4. 0-0 Bd7 5. c3 a6 6. Ba4 b5 7. Bc2 e5 8. d4 Qc7 9. a4 Rb8 10. d5 Na5 11. axb5 axb5 12. Ne1 Nf6 13. f4 exf4 14. Bxf4 Nc4 15. b3 Ne5 16. Nd2 Bg4 17. Nef3 Nfd7 18. Qe1 Bxf3 19. Nxf3 Nxf3+ 20. Rxf3 Ne5 21. Bxe5 dxe5 22. Qg3 f6 23. Rf2 Bd6 24. Bd1 Kf7 25. Qh3 Rbe8 26. Bg4 c4 27. b4 Ra8 28. Raf1 Ke7 29. Qh5 Kd8 30. Be6 Qe7 31. g3 Kc7 32. Rb1 Ra3 33. Rc2 h6 34. Qe2 Rha8 35. Rbb2 Kb8 36. Kg2 Qa7 37. Qh5 Qe7 38. Qg4 Kc7 39. Qe2 Kb8 40. Ra2 Rxa2 41. Rxa2 Rxa2 42. Qxa2 Qa7 43. Qe2 Qe7 44. Qg4 Kc7 45. Bf5 Kd8 46. h4 Kc7 47. h5 Kd8 48. Kf3 Kc7 49. Bc8 Qd8 50. Qxg7+ Kxc8 51. Qxh6 Qg8 52. Qxf6 Qf8 53. Qxf8+ Bxf8 54. Kg4 Kd7 55. Kf5 Bxb4 56. cxb4 c3 57. h6 c2 58. h7 c1Q 59. h8Q Qf1+ 60. Kg5 Qc1+ 61. Kg6 1-0

[Event "Kiev Independence Cup-A 8th"]
[Site "Kiev"]
[Date "2008.08.17"]
[Round "5"]
[White "Tkachuk, Andrey"]
[Black "Moiseev, Igor"]
[Result "1/2-1/2"]
[WhiteElo "2119"]
[BlackElo "2228"]
[PlyCount "123"]
[EventDate "2008.08.13"]
[EventType "swiss"]
[EventRounds "11"]
[EventCountry "UKR"]
[SourceTitle "CBM 126 Extra"]
[Source "ChessBase"]
[SourceDate "2008.11.05"]
[SourceVersion "1"]
[SourceVersionDate "2008.11.05"]
[SourceQuality "1"]

1. e4 c5 2. Nf3 d6 3. Bb5+ Nc6 4. 0-0 e5 5. c3 Bd7 6. Re1 Be7 7. h3 Nf6 8. d4 Qc7 9. Nbd2 cxd4 10. cxd4 0-0 11. Bxc6 Bxc6 12. d5 Bd7 13. Nf1 Rac8 14. Bg5 h6 15. Bxf6 Bxf6 16. Ne3 g6 17. Qb3 b5 18. Rac1 Qb6 19. Ng4 Bg7 20. Qe3 Qxe3 21. Nxe3 h5 22. Nd2 f5 23. f3 Bh6 24. Kf2 h4 25. b4 Kf7 26. Ke2 Ke7 27. Nb3 a6 28. Rxc8 Rxc8 29. Rc1 Rxc1 30. Nxc1 Kd8 31. Nd3 Ke7 32. Nf2 Kf7 33. Nd3 Bg5 34. Nf2 Bd8 35. Nd3 Bb6 36. Nc2 Kf6 37. Ne3 Kg5 38. Nd1 Bd4 39. Ne3 Kh5 40. Nc2 Bb6 41. Ne3 Bc8 42. Ne1 Bd7 43. Nd3 fxe4 44. fxe4 Bxe3 45. Kxe3 g5 46. Nf2 g4 47. hxg4+ Bxg4 48. a3 Kg5 49. Nh3+ Kg6 50. Nf2 Bh5 51. Nh3 Bd1 52. Nf2 Bc2 53. Kf3 Kg5 54. g3 Kh5 55. Kg2 Kg5 56. Nh3+ Kg4 57. Nf2+ Kg5 58. Kh3 hxg3 59. Kxg3 Bb1 60. Nh3+ Kh5 61. Nf2 Bc2 62. Kh3 1/2-1/2

[Event "Kiev Independence Cup-A 8th"]
[Site "Kiev"]
[Date "2008.08.14"]
[Round "2"]
[White "Tkachev, Ivan"]
[Black "Tkachuk, Andrey"]
[Result "1-0"]
[WhiteElo "1952"]
[BlackElo "2119"]
[PlyCount "90"]
[EventDate "2008.08.13"]
[EventType "swiss"]
[EventRounds "11"]
[EventCountry "UKR"]
[SourceTitle "CBM 126 Extra"]
[Source "ChessBase"]
[SourceDate "2008.11.05"]
[SourceVersion "1"]
[SourceVersionDate "2008.11.05"]
[SourceQuality "1"]

1. d4 Nf6 2. Nf3 g6 3. c4 Bg7 4. Nc3 d5 5. Bf4 0-0 6. e3 c5 7. Bxb8 Rxb8 8. Rc1 Qa5 9. Qb3 dxc4 10. Bxc4 cxd4 11. Nxd4 Bd7 12. a4 Ne4 13. Bb5 Bxb5 14. Qxb5 Qxb5 15. Ndxb5 Nxc3 16. Nxc3 Rbc8 17. Ke2 Bxc3 18. Rxc3 Rxc3 19. bxc3 Rc8 20. Kd3 Kf8 21. Rb1 Rc7 22. c4 Ke8 23. Kc3 Kd7 24. Rd1+ Kc8 25. Kb4 Rc6 26. a5 Kc7 27. c5 Re6 28. Rd4 f5 29. g3 Kc6 30. Kc4 Re5 31. Kb4 Rxc5 32. Rd8 Rb5+ 33. Ka4 Rb2 34. Rh8 Kc5 35. Ka3 Rb5 36. Ka4 Rb4+ 37. Ka3 Kb5 38. Rxh7 Kxa5 39. Rxe7 a6 40. Re6 b5 41. Rxa6+ Kxa6 42. Kxb4 Kb6 43. h4 Kc6 44. f3 Kb6 45. g4 Kc6 1-0

[Event "Kiev Independence Cup-A 8th"]
[Site "Kiev"]
[Date "2008.08.13"]
[Round "1"]
[White "Tkachuk, Andrey"]
[Black "Bochkarev, Alexander2"]
[Result "0-1"]
[WhiteElo "2119"]
[BlackElo "2338"]
[PlyCount "66"]
[EventDate "2008.08.13"]
[EventType "swiss"]
[EventRounds "11"]
[EventCountry "UKR"]
[SourceTitle "CBM 126 Extra"]
[Source "ChessBase"]
[SourceDate "2008.11.05"]
[SourceVersion "1"]
[SourceVersionDate "2008.11.05"]
[SourceQuality "1"]

1. e4 e5 2. Nf3 Nc6 3. Bb5 a6 4. Ba4 Nf6 5. Bxc6 dxc6 6. d3 Bc5 7. 0-0 Bg4 8. Nbd2 Qe7 9. Nc4 Nd7 10. Be3 f6 11. Bxc5 Nxc5 12. Ne3 h5 13. h3 Be6 14. Nh4 Qd7 15. Kh2 0-0-0 16. Qe1 Rhg8 17. a4 b6 18. Qc3 g5 19. Nhf5 Bxf5 20. Nxf5 Ne6 21. Rfd1 Nd4 22. Nxd4 exd4 23. Qc4 Kb7 24. a5 b5 25. Qc5 Rge8 26. f4 h4 27. Rf1 g4 28. Qh5 f5 29. Rae1 gxh3 30. Qxf5 hxg2 31. Rg1 Qd6 32. e5 Qb4 33. Rxg2 Qxe1 0-1

[Event "Nezhmetdinov Memorial 30th"]
[Site "Kazan"]
[Date "2008.06.05"]
[Round "5"]
[White "Tkachuk, Andrey"]
[Black "Matorkin, Dmitry Victorovich"]
[Result "1-0"]
[WhiteElo "2119"]
[BlackElo "1847"]
[PlyCount "74"]
[EventDate "2008.06.01"]
[EventType "swiss"]
[EventRounds "9"]
[EventCountry "RUS"]
[SourceTitle "EXT 2009"]
[Source "ChessBase"]
[SourceDate "2008.11.26"]
[SourceVersion "1"]
[SourceVersionDate "2008.11.26"]
[SourceQuality "1"]

1. e4 e6 2. d4 d5 3. Nc3 Bb4 4. a3 Bxc3+ 5. bxc3 dxe4 6. Qg4 Kf8 7. Qxe4 Nf6 8. Qf3 Qd5 9. Bd3 b6 10. Bf4 Na6 11. Be5 Bb7 12. Bxf6 gxf6 13. Qxd5 Bxd5 14. f3 Nb8 15. Ne2 Nd7 16. Kf2 c5 17. Nf4 Bb7 18. Rhe1 Rc8 19. a4 Nb8 20. a5 Ke7 21. axb6 a6 22. Ra5 cxd4 23. cxd4 Rhd8 24. d5 e5 25. c4 Nd7 26. Nh5 Rc5 27. Ra3 Rcc8 28. Ng3 Nc5 29. Bxh7 Rh8 30. Bf5 Rb8 31. Bh3 Bc8 32. Bxc8 Rhxc8 33. Rb1 Nb7 34. Nf5+ Kd7 35. Ra4 Rc5 36. Ke3 Rbc8 37. Rxa6 Rb8 1-0

[Event "Nezhmetdinov Memorial 30th"]
[Site "Kazan"]
[Date "2008.06.01"]
[Round "1"]
[White "Tkachuk, Andrey"]
[Black "Ponfilenok, Vladimir"]
[Result "0-1"]
[WhiteElo "2119"]
[BlackElo "2435"]
[PlyCount "64"]
[EventDate "2008.06.01"]
[EventType "swiss"]
[EventRounds "9"]
[EventCountry "RUS"]
[SourceTitle "EXT 2009"]
[Source "ChessBase"]
[SourceDate "2008.11.26"]
[SourceVersion "1"]
[SourceVersionDate "2008.11.26"]
[SourceQuality "1"]

1. e4 e6 2. d4 d5 3. Nc3 Bb4 4. a3 Bxc3+ 5. bxc3 dxe4 6. Qg4 Nf6 7. Qxg7 Rg8 8. Qh6 c5 9. Ne2 Nc6 10. Bg5 Rg6 11. Qh4 cxd4 12. Rd1 h6 13. Bxf6 Qxf6 14. Qxf6 Rxf6 15. cxd4 e5 16. d5 Na5 17. Nc3 Bf5 18. Bb5+ Ke7 19. Ne2 Rc8 20. c3 Rb6 21. Ba4 Bg4 22. Rc1 Rc4 23. Bd1 Nb3 24. Rc2 Nc5 25. h3 Nd3+ 26. Kd2 Bd7 27. Ke3 f5 28. f4 Kd6 29. g4 Kxd5 30. g5 hxg5 31. fxg5 f4+ 32. Kd2 e3+ 0-1

[Event "Moscow op-B 04th"]
[Site "Moscow"]
[Date "2008.02.06"]
[Round "5"]
[White "Orlov, Oleg"]
[Black "Tkachuk, Andrey"]
[Result "1-0"]
[WhiteElo "2238"]
[BlackElo "2090"]
[PlyCount "97"]
[EventDate "2008.02.02"]
[EventType "swiss"]
[EventRounds "9"]
[EventCountry "RUS"]
[SourceTitle "CBM 122 Extra"]
[Source "ChessBase"]
[SourceDate "2008.03.04"]
[SourceVersion "1"]
[SourceVersionDate "2008.03.04"]
[SourceQuality "1"]

1. Nf3 Nf6 2. c4 g6 3. g3 Bg7 4. Bg2 0-0 5. d4 d6 6. 0-0 c6 7. Nc3 Nbd7 8. b3 Qc7 9. Bb2 a5 10. h3 Re8 11. Qc2 Nh5 12. d5 Nc5 13. e4 e5 14. dxe6 Bxe6 15. Nd1 Rad8 16. Bxg7 Nxg7 17. Nc3 Bc8 18. Rfe1 h6 19. Rad1 Nge6 20. Nd4 Qe7 21. Nxe6 Nxe6 22. Qd2 Qf6 23. Na4 Ng5 24. f4 Ne6 25. Qxa5 h5 26. h4 Nd4 27. Qg5 Qxg5 28. hxg5 Nc2 29. Re2 Bg4 30. Rxc2 Bxd1 31. Rd2 Bg4 32. Nb6 Kf8 33. b4 Be6 34. a4 Ke7 35. b5 Rb8 36. a5 Bd7 37. e5 cxb5 38. exd6+ Kd8 39. Nxd7 Kxd7 40. cxb5 Re1+ 41. Kf2 Ra1 42. Bh3+ Ke8 43. d7+ Ke7 44. Re2+ Kf8 45. Bg2 Rxa5 46. Bxb7 Rxb5 47. Bc6 R5b6 48. Re8+ Kg7 49. Bd5 1-0

[Event "Voronezh op-A"]
[Site "Voronezh"]
[Date "2006.06.19"]
[Round "7"]
[White "Elizarov, Andrey"]
[Black "Tkachuk, Andrey"]
[Result "1-0"]
[WhiteElo "2366"]
[BlackElo "2160"]
[PlyCount "87"]
[EventDate "2006.06.12"]
[EventType "swiss"]
[EventRounds "9"]
[EventCountry "RUS"]
[SourceTitle "CBM 112 Extra"]
[Source "ChessBase"]
[SourceDate "2006.07.14"]
[SourceVersion "1"]
[SourceVersionDate "2006.07.14"]
[SourceQuality "1"]

1. e4 c5 2. Nf3 Nc6 3. d4 cxd4 4. Nxd4 Nf6 5. Nc3 d6 6. Bg5 e6 7. Qd2 Be7 8. 0-0-0 Nxd4 9. Qxd4 0-0 10. Bc4 a6 11. Bb3 b5 12. Bxf6 Bxf6 13. Qxd6 Qa5 14. e5 Bg5+ 15. Kb1 Bb7 16. Qd4 b4 17. Ne4 Be7 18. Nd6 Bc6 19. f4 g6 20. Rhg1 Bd8 21. Qc4 Bd5 22. Qe2 Bxb3 23. axb3 Be7 24. g4 Bxd6 25. exd6 Rfd8 26. Rg3 Rd7 27. Rgd3 Qc5 28. Rd4 a5 29. Qe4 Rad8 30. Qe5 Qxe5 31. fxe5 f6 32. exf6 g5 33. c4 bxc3 34. bxc3 Kf7 35. c4 Rc8 36. Re4 Rc5 37. Kb2 e5 38. h4 h6 39. hxg5 hxg5 40. Kc3 Kxf6 41. b4 Rc8 42. c5 Rb7 43. d7 axb4+ 44. Rxb4 1-0